LDR 00693naa#a2200169#i#450# 001 EN\\bibl\122176 005 20260429063148.3 011 ## _a2074-1626 100 ## _a20260416b2026####ek#y0engy0150####ca 102 ## _aRU 200 1# _aDIRECTIONS AND MECHANISMS OF CONVERGENCE OF NATIONAL LEGISLATION OF THE MEMBER STATES OF THE COMMONWEALTH OF INDEPENDENT STATES IN THE FIELD OF DERADICALIZATION _eJournal article 210 1# _aSaint-Petersburg _cSaint-Petersburg University of State Fire Service of Emercom of Russia _d2026 215 ## _a9 с. 608 ## _aJournal article _2local 675 ## _aТеория международного права. 341.01 _z 700 #1 _aKolesnik _gArtem A. 856 4# _ajournals.igps.ru _u